| 000 | 00755nam a2200229 i 4500 | ||
|---|---|---|---|
| 001 | bg | ||
| 100 | 1 |
_aKMIECIK, Tadeusz _d(1935- ) |
|
| 245 | 1 | 0 |
_aSztab Generalny (Główny) Wojska Polskiego w latach 1918-1939 / _cTadeusz Kmiecik ; Pomorska Akademia Pedagogiczna w Słupsku. |
| 260 |
_aSłupsk : _bWydawnictwo Pomorskiej Akademii Pedagogicznej, _c2005. |
||
| 300 |
_a323 s. : _brys. ; _c24 cm. |
||
| 504 | _aBibliogr. s. 299-316. Indeks. | ||
| 610 | 2 | 9 | _aSztab Generalny Wojska Polskiego |
| 650 | 9 |
_aWojsko _zPolska _y1918-1939 r. |
|
| 015 | _aPB 17391/2005 | ||
| 020 | _a837467010X | ||
| 040 | _cBPK | ||
| 041 | _apol | ||
| 080 | _a355.3(438)"1918/1939" | ||
| 920 | _a83-7467-010-X | ||
| 942 | _cKS | ||
| 008 | s pl f |000 0 pol | ||
| 999 |
_c51887 _d51887 |
||
| 856 |
_uhttp://koha.tu.koszalin.pl/cgi-bin/koha/opac-detail.pl?biblionumber=51887 _yKatalog online BPK |
||